000
00328nam a2200145Ia 4500
008
230312s9999||||xx |||||||||||||| ||und||
020
_a
0-691-15781-8
082
_a
720.19
_b
KNO-A
100
_a
Knox; Paul
245
0
_a
Atlas of Cities
260
_b
Oxford
_a
US
_c
2014
300
_a
256
650
_a
Architecture
942
_c
BK
999
_c
11875
_d
11875